000 00546nam a22001577a 4500
082 _a621.3
_bKHA
100 _aKhan, Muhammad Jibran (363463)
_9132302
245 _aRevolutionizing Power Transformer Protection: A DC Chopper Converter Approach to Mitigating Geomagnetically Induced Currents /
264 _aIslamabad :
_bUSPCAS-E, NUST
_cAugust, 2025
300 _axii, 47 p.
_e+CD
520 _aTH-672
650 _aMS EEP Thesis
650 _aMS Thesis
_918721
700 _aSupervisor: Dr. Muhammad Farasat Abbas
_9122458
942 _2ddc
_cTHE
999 _c615525
_d615525